Internetová aplikácia pre potreby obecnej samosprávy : Bakalárska práca

Gespeichert in:
Bibliographische Detailangaben
1. Verfasser: Hrčka, Lukáš, 1989- (Verfasst von)
Weitere Verfasser: Nemlaha, Eduard, 1969- (Betreuung Doktorarbeit)
Format: Manuskript Buch
Sprache:Slowakisch
Veröffentlicht: Trnava : STU v Bratislave MTF UIAM, 2011
Schlagworte:
Online-Zugang:VAIS
Tags: Tag hinzufügen
Keine Tags, Fügen Sie das erste Tag hinzu!

MARC

LEADER 00000ntm a22000003a 4500
001 stu228971
005 20150617230149.4
008 110702s2011----xo------------------slo-d
040 |a STU  |b slo 
041 0 |a slo 
044 |a xo 
100 1 |a Hrčka, Lukáš,  |d 1989-  |4 aut  |u M6000  |U MTF Materiálovotechnologická fakulta  |T MTF Ústav aplikovanej informatiky, automatizácie a matematiky  |X 56769  |U M6000  |Y 86  |7 A000056769 
242 0 0 |a Internet application for the needs of the municipal government  |y eng 
245 1 |a Internetová aplikácia pre potreby obecnej samosprávy :  |b Bakalárska práca 
260 |a Trnava :  |b STU v Bratislave MTF UIAM,  |c 2011 
300 |a 66 s., CD-ROM 
650 7 |a PHP  |2 stusub 
650 7 |a database  |2 estusub 
650 7 |a MySQL  |2 stusub 
650 7 |a PHP  |2 stusub 
650 7 |a databáza  |2 stusub 
650 7 |a MySQL  |2 stusub 
650 7 |a aplikovaná informatika a automatizácia v priemysle  |2 stusub 
650 7 |a Applied Informatics and Automation in Industry  |2 estusub 
700 1 |a Nemlaha, Eduard,  |d 1969-  |4 ths  |u M6000  |U MTF Materiálovotechnologická fakulta  |T MTF Ústav aplikovanej informatiky, automatizácie a matematiky  |X 2759  |U M6000  |Y 86  |7 A000002759 
856 4 |a info a plný text  |u http://is.stuba.sk/zp/portal_zp.pl?podrobnosti=57462  |3 VAIS 
996 |c M*BP-5353  |l MMSKP  |s P  |a 0  |w stu228971_0001